Rubber thai thiranjedukkumbol (Record no. 51150)

MARC details
000 -LEADER
fixed length control field 00253nam a2200109Ia 4500
100 ## - MAIN ENTRY--AUTHOR NAME
Personal name Benny K K
245 #0 - TITLE STATEMENT
Title Rubber thai thiranjedukkumbol
260 ## - PUBLICATION, DISTRIBUTION, ETC. (IMPRINT)
Name of publisher Karshakasree
Year of publication 2015
300 ## - PHYSICAL DESCRIPTION
Number of Pages 32
942 ## - ADDED ENTRY ELEMENTS (KOHA)
Koha item type Bibliography STAF
Holdings
Withdrawn status Lost status Damaged status Not for loan Home library Current library Shelving location Date acquired Serial Enumeration / chronology Koha item type
      Bibliography RRII Library RRII Library Rubber general 31/07/2015 Volume 21, Issue 7 Bibliography STAF